Normal view MARC view

Entry Corporate Name

Number of records used in: 22

001 - CONTROL NUMBER

  • control field: 707403

003 - CONTROL NUMBER IDENTIFIER

  • control field:

005 - DATE AND TIME OF LATEST TRANSACTION

  • control field: 20210627043004.0

008 - FIXED-LENGTH DATA ELEMENTS

  • fixed length control field: 210627|| aca||aabn | a|a d

040 ## - CATALOGING SOURCE

  • Original cataloging agency:
  • Transcribing agency:

110 ## - HEADING--CORPORATE NAME

  • Corporate name or jurisdiction name as entry element: United States.
  • Subordinate unit: Congress.
  • Subordinate unit: Senate.
  • Subordinate unit: Committee on Environment and Public Works.
  • Subordinate unit: Subcommittee on Environmental Pollution

670 ## - SOURCE DATA FOUND

  • Source citation: Work cat.: ()585729: United States. Congress. Senate. Committee on Environment and Public Works. Subcommittee on Environmental Pollution, A proposal to amend section 311 of the clean water act of 1977 :, 1978
                                                                           
web counter

Copyright ©2020 The National Library of India, Govt. of India ↔ Hosted by NVLI, MOC ↔ Technology and Design by National Library of India, Ministry of Culture, Govt. of India